000 00730nam a22002417a 4500
003 UA-OsUOA
001 74186
007 ta
008 20110328b un ||||| |||| 00| 0 ukr d
090 _a94(477)(082)
_bП78
942 _cBK
040 _aUA-OsUOA
_bukr
_cUA-OsUOA
_dUA-OsUOA
245 _aПроблеми історії України: факти, судження, пошуки
_bміжвідомчий збірник наукових праць
300 _a494 с.
955 _a2
041 _aukr
080 _a94(477)(082)
022 _a0869-2556
260 _aК.
_bІІУ НАНУ
_c2007
250 _nвип. 17
650 7 _a9 Географія. Біографії. Історія
_2UDC
999 _c360478
_d360478